LDR 00668naa#a2200169#i#450# 001 EN\\bibl\119346 005 20260513143358.3 011 ## _a2712-9233 100 ## _a20260331b2026####ek#y0engy0150####ca 102 ## _aRU 200 1# _aAnalysis of the improvement of the state system of water resources use _eJournal article 210 1# _aZheleznogorsk _cFSBEE HE Siberian Fire and Rescue Academy EMERCOM of Russia _d2026 215 ## _a6 с. 608 ## _aJournal article _2local 675 ## _aНесчастные случаи, их опасность, профилактика и борьба с ними. 614.8 _z 700 #1 _aSteblyanskiy _gLeonid Nikolaevich 856 4# _aapbt-sibpsa.editorum.ru _u